Statistics for Highest Electrical Energy per Capita - Europe

Click here to take the quiz!

General Stats

  • This quiz has been taken 23 times
  • The average score is 11 of 15

Answer Stats

kWh/personCountry% Correct
15. 6,448France
95%
11. 6,602Germany
90%
9. 7,099Belgium
86%
4. 14,732Finland
81%
3. 24,006Norway
81%
5. 12,853Sweden
81%
10. 7,091Switzerland
81%
7. 8,006Austria
76%
1. 55,544Iceland
76%
8. 7,481Russia
67%
6. 10,648Luxembourg
62%
14. 6,515Estonia
57%
2. 35,848Liechtenstein
52%
13. 6,565Andorra
48%
12. 6,572Slovenia
38%

Score Distribution

Percentile by Number Answered

Percent of People with Each Score

Your Score History

You have not taken this quiz